000 00911nam a2200253Ia 4500
003 OSt
005 20220923224428.0
006 a|||||r|||| 00| 0
007 ta
008 220922b |||||||| |||| 00| 0 hin d
024 _a232,287
037 _cTextual
040 _aARTS
_cARTS
_bhin
041 _2hin
_ahin
082 _aQ3, 152N6
100 _aजैन, सागरमल
245 0 _aगुणस्थान सिद्धान्त
_b एक विश्लेषण
246 _aGuṇasthān siddhānta: ek vishleṣhaṇa
260 _aवाराएासी
_b पाश्रर्वनाथ विद्यापीठ
_c1996
300 _a139पृ.
_ccm.
490 _aपाश्रर्वनाथ विद्यापीठ ग्रन्थमाला - 97
942 _hQ3, 152N6
_cTEXL
_2CC
999 _c371360
_d371360